000 01309nam1a22002651 4500
001 rc\2885146
005 20200819151421.0
035 _a(NLR Aleph) 007037757
090 _a6066812
_c6066812
100 _a20110721d1932 |||y0rusy50 ca
101 0 _arus
102 _aRU
105 _ay z |||||
200 1 _aЛенточные машины
_fИнж. А.Г. Голубев
_gПод ред. проф. В.К. Задарновского
_gЗаоч. подготовка кадров ... ВСНХ-СССР. Моск. текстильный ин-т. Отд. массово-производ. просвещения. Сектор заоч. обуч. Хлопкопрядильный цикл
210 _aМосква
_cГос. науч.-техн. изд-во
_d1932
_eРязань
_gтип. "Мосполиграфа"
215 _d23х15 см
702 1 _aГолубев
_bА. Г.
_cинженер, текстил. пр-во
_gАфанасий Георгиевич
_3RU\NLR\AUTH\770219652
_4570
702 1 _aЗадарновский
_bВ. К.
_4340
710 0 2 _aМосковский текстильный институт
_bСектор заочного обучения
801 0 _aRU
_bNLR
_gpsbo
801 1 _aRU
_bELAR
_2rusmarc
852 _aNLR
_j31-17/300 (4)
942 _cBOOK
980 _aNB